Loading...
Marine fisheries ecosystem:its quantitative evaluation and management
| Hovedforfatter: | |
|---|---|
| Format: | Printed Book |
| Udgivet: |
Fishing News Book Ltd., Farnham
1981
|
| Fag: |
| LEADER | 00578nam a2200193 4500 | ||
|---|---|---|---|
| 020 | |||
| 082 | |a 577.7 LAE-M | ||
| 100 | |a Laevastu, Taivo; Larkins, Herbert A | ||
| 245 | |a Marine fisheries ecosystem:its quantitative evaluation and management | ||
| 250 | |||
| 260 | |a Fishing News Book Ltd., Farnham |c 1981 | ||
| 300 | |a 162 | ||
| 490 | |||
| 500 | |||
| 590 | |||
| 650 | |a Marine ecology-- Ocean ecology-- Sea ecology | ||
| 942 | |c BK | ||
| 999 | |c 99740 |d 99740 | ||
| 952 | |0 0 |1 0 |4 0 |6 577_700000000000000_LAEM |7 0 |9 113208 |a AQU |b AQU |l 0 |o 577.7 LAE-M |p AQUBN0222 |r 2019-09-25 |w 2019-09-25 |y BK | ||